Affiliate marketing diplomová práca

Salvato in:
Dettagli Bibliografici
Autore principale: Szabó, Štefan
Ente Autore: Fakulta hospodárskej informatiky EU. Katedra aplikovanej informatiky
Altri autori: Schmidt, Peter, 1968-
Natura: Libro
Lingua:slovacco
Pubblicazione: Bratislava 2012
Tags: Aggiungi Tag
Nessun Tag, puoi essere il primo ad aggiungerne!!

MARC

LEADER 00000nbm a2200000 4500
001 0154994
005 20170315102027.6
041 0 |a slo 
044 |a SK 
245 1 0 |a Affiliate marketing  |b diplomová práca  |c Štefan Szabó ; školiteľ: Peter Schmidt 
264 1 |a Bratislava  |c 2012 
300 |a 70 s. 
100 1 |a Szabó, Štefan 
700 1 |a Schmidt, Peter, 1968- 
710 2 |a Fakulta hospodárskej informatiky EU. Katedra aplikovanej informatiky